[Event "9.th Korbach B Open"]
[Site "Korbach"]
[Date "2017.10.20"]
[Round "3.16"]
[White "Koellner, Felicitas Ophelia"]
[Black "Hofmann, Niclas"]
[Result "1-0"]
[WhiteElo "1757"]
[BlackElo "1534"]
[PlyCount "45"]
[EventDate "2017.10.19"]
[EventType "swiss"]
[EventRounds "7"]
[EventCountry "GER"]
[SourceDate "2017.10.24"]

1. d4 d5 2. Nf3 Nf6 3. e3 e6 4. Nbd2 c5 5. c3 Nc6 6. Bd3 Bd6 7. O-O O-O 8. dxc5
Bxc5 9. b4 Bd6 10. Bb2 e5 11. e4 Re8 12. a3 d4 13. cxd4 Nxd4 14. Nxd4 exd4 15.
Re1 Ng4 16. Nf3 Ne5 17. Bb5 Nxf3+ 18. Qxf3 Re5 19. Bc4 Be6 20. Rac1 Bxc4 21.
Rxc4 Qh4 22. Rxd4 Re6 23. e5 1-0

[Event "9.th Korbach B Open"]
[Site "Korbach"]
[Date "2017.10.20"]
[Round "3.18"]
[White "Bahr, Arne"]
[Black "Engel, Markus"]
[Result "1-0"]
[WhiteElo "1696"]
[BlackElo "1461"]
[PlyCount "49"]
[EventDate "2017.10.19"]
[EventType "swiss"]
[EventRounds "7"]
[EventCountry "GER"]
[SourceDate "2017.10.24"]

1. f4 d5 2. b3 Nf6 3. e3 e6 4. Bb2 Be7 5. Nf3 Nbd7 6. Bd3 b6 7. Nc3 Bb7 8. O-O
Nc5 9. Be2 Ncd7 10. a3 c5 11. Qe1 a6 12. Nd1 Rg8 13. Ne5 Nxe5 14. fxe5 Ne4 15.
Bf3 d4 16. d3 f5 17. dxe4 fxe4 18. Bg4 d3 19. Qd2 dxc2 20. Qxc2 Qd7 21. Nf2 Bg5
22. Rad1 Bd5 23. Nxe4 Bxe3+ 24. Kh1 Qc6 25. Nd6+ 1-0

[Event "9.th Korbach B Open"]
[Site "Korbach"]
[Date "2017.10.20"]
[Round "3.19"]
[White "Niemeyer, Norbert"]
[Black "Warter, Simon"]
[Result "1/2-1/2"]
[WhiteElo "1678"]
[BlackElo "1410"]
[PlyCount "47"]
[EventDate "2017.10.19"]
[EventType "swiss"]
[EventRounds "7"]
[EventCountry "GER"]
[SourceDate "2017.10.24"]

1. e4 e5 2. d4 exd4 3. c3 dxc3 4. Bc4 Bc5 5. Qb3 Qe7 6. Nxc3 c6 7. Nge2 b5 8.
Bd3 d6 9. O-O Be6 10. Qc2 Nf6 11. Bg5 h6 12. Bd2 Nbd7 13. Kh1 Ne5 14. f4 Nxd3
15. Qxd3 Bc4 16. Qf3 Bxe2 17. Qxe2 O-O 18. e5 Rfe8 19. Qf3 dxe5 20. fxe5 Qxe5 {
Remisangebot} 21. Bxh6 gxh6 22. Qxf6 Qxf6 23. Rxf6 Re6 24. Raf1 1/2-1/2

[Event "9.th Korbach B Open"]
[Site "Korbach"]
[Date "2017.10.20"]
[Round "3.20"]
[White "Moderow, Ramon"]
[Black "Gurnik, Michael"]
[Result "0-1"]
[WhiteElo "1516"]
[BlackElo "1678"]
[PlyCount "48"]
[EventDate "2017.10.19"]
[EventType "swiss"]
[EventRounds "7"]
[EventCountry "GER"]
[SourceDate "2017.10.24"]

1. e4 e6 2. d4 d5 3. Nc3 c6 4. Nf3 Nf6 5. Bd3 Bb4 6. e5 Nfd7 7. a3 Ba5 8. b4
Bc7 9. Bg5 f6 10. exf6 Nxf6 11. Ne5 O-O 12. h4 Nbd7 13. Bf4 Bb6 14. Be3 Nxe5
15. dxe5 Bxe3 16. exf6 Qxf6 17. Rf1 Qxc3+ 18. Ke2 Bh6 19. Bxh7+ Kxh7 20. Qd3+
Qxd3+ 21. Kxd3 e5 22. g4 Bxg4 23. Rae1 Rae8 24. c4 Rf3+ 0-1

[Event "9.th Korbach B Open"]
[Site "Korbach"]
[Date "2017.10.20"]
[Round "3.21"]
[White "Schmechtig, Lucas"]
[Black "Bach, Oliver"]
[Result "1-0"]
[WhiteElo "1453"]
[BlackElo "1651"]
[PlyCount "107"]
[EventDate "2017.10.19"]
[EventType "swiss"]
[EventRounds "7"]
[EventCountry "GER"]
[SourceDate "2017.10.24"]

1. c4 d6 2. g3 Nf6 3. Bg2 g6 4. Nc3 Bg7 5. e4 O-O 6. Nge2 c6 7. O-O Be6 8. d3
Qc8 9. Nf4 Bg4 10. f3 Bd7 11. Re1 e5 12. Nfe2 Bh3 13. Qb3 Bxg2 14. Kxg2 Nbd7
15. Qa3 Qc7 16. b4 Nb6 17. Qb3 Rad8 18. a4 Nc8 19. b5 Ne7 20. Ba3 c5 21. Bc1 h6
22. a5 Qd7 23. Be3 Kh7 24. Bf2 Nh5 25. Rab1 f5 26. Qd1 fxe4 27. dxe4 Qe6 28.
Qd3 Rf7 29. Ng1 Nf6 30. a6 b6 31. Nge2 Rdf8 32. Rbd1 Ne8 33. Ng1 Bf6 34. Be3 g5
35. Nd5 Qd7 36. Nc3 Kg7 37. Nge2 g4 38. f4 h5 39. Rf1 Rh8 40. Rf2 h4 41. Rdf1
hxg3 42. Nxg3 Qe6 43. fxe5 dxe5 44. Nd5 Kg6 45. Nf5 Rfh7 46. Kg1 Qg8 47. Nxf6
Nxf6 48. Nxe7+ Rxe7 49. Rxf6+ Kg7 50. Qd6 Qe8 51. Rg6+ Kh7 52. Rh6+ Kg7 53.
Qf6+ Kg8 54. Rxh8# 1-0

[Event "9.th Korbach B Open"]
[Site "Korbach"]
[Date "2017.10.20"]
[Round "3.22"]
[White "Deutsch, Oliver"]
[Black "Siepen, Ralf"]
[Result "1-0"]
[WhiteElo "1408"]
[BlackElo "1640"]
[PlyCount "71"]
[EventDate "2017.10.19"]
[EventType "swiss"]
[EventRounds "7"]
[EventCountry "GER"]
[SourceDate "2017.10.24"]

1. e4 d5 2. exd5 Qxd5 3. Nc3 Qd8 4. d4 Nf6 5. Nf3 a6 6. Bd3 e6 7. O-O Be7 8.
Bf4 b5 9. Ne4 Bb7 10. Qe2 Nbd7 11. Rad1 Nxe4 12. Bxe4 Bxe4 13. Qxe4 O-O 14. Qc6
Qc8 15. d5 exd5 16. Rxd5 Nf6 17. Rd3 Ra7 18. Rc3 Bd8 19. Rd1 Qb7 20. Qxb7 Rxb7
21. Rcd3 Be7 22. Ne5 Nh5 23. Nc6 Bc5 24. Be3 Bxe3 25. Ne7+ Kh8 26. Rxe3 c5 27.
Nc6 Nf6 28. Red3 g6 29. Rd8 Rxd8 30. Rxd8+ Kg7 31. Ra8 Rb6 32. Nb8 a5 33. Na6
Rc6 34. Ra7 Nd5 35. Nb8 a4 36. Nxc6 1-0

[Event "9.th Korbach B Open"]
[Site "Korbach"]
[Date "2017.10.20"]
[Round "3.24"]
[White "Pohle, Saskia"]
[Black "Weber, Detlef"]
[Result "1-0"]
[WhiteElo "1376"]
[BlackElo "1628"]
[PlyCount "63"]
[EventDate "2017.10.19"]
[EventType "swiss"]
[EventRounds "7"]
[EventCountry "GER"]
[SourceDate "2017.10.24"]

1. e4 e5 2. Nf3 Nc6 3. d4 exd4 4. Bc4 Nf6 5. e5 Ng4 6. O-O Be7 7. Re1 d6 8.
exd6 cxd6 9. Nxd4 O-O 10. Bf4 Qb6 11. Be3 Nxe3 12. fxe3 Bf6 13. c3 Nxd4 14.
cxd4 Re8 15. Nc3 Be6 16. Bxe6 fxe6 17. Ne4 Be7 18. Qg4 d5 19. Nc3 Bf6 20. Rf1
Rf8 21. Rf2 Kh8 22. Raf1 Qd6 23. Rf3 a6 24. Rg3 Qe7 25. Ne2 e5 26. Rh3 Rfe8 27.
Ng3 exd4 28. exd4 Qe3+ 29. Kh1 Qxd4 30. Qh5 h6 31. Nf5 Bg5 32. Qxe8+ 1-0

[Event "9.th Korbach B Open"]
[Site "Korbach"]
[Date "2017.10.20"]
[Round "3.27"]
[White "Hoelss, Silas"]
[Black "Lanz, Udo"]
[Result "0-1"]
[WhiteElo "1467"]
[BlackElo "1801"]
[PlyCount "74"]
[EventDate "2017.10.19"]
[EventType "swiss"]
[EventRounds "7"]
[EventCountry "GER"]
[SourceDate "2017.10.24"]

1. e4 c5 2. Nf3 g6 3. d4 cxd4 4. Nxd4 Bg7 5. Nc3 Nc6 6. Be3 d6 7. Bb5 Bd7 8.
Bxc6 bxc6 9. O-O Nf6 10. Nf3 Ng4 11. Qd3 O-O 12. h3 Nxe3 13. Qxe3 Qc7 14. Rfe1
Rab8 15. b3 Qa5 16. e5 Bf5 17. Rac1 Bd7 18. Ne4 dxe5 19. Nc5 Bf5 20. Nxe5 Bxe5
21. Qxe5 Rb5 22. b4 Qxb4 23. Qxe7 Qxc5 24. Qxc5 Rxc5 25. Re7 Ra8 26. c3 Ra5 27.
Ra1 Ra3 28. Re3 Be6 29. Kf1 Rxa2 30. Rxa2 Bxa2 31. Re7 a5 32. Rb7 a4 33. Rb2
Bc4+ 34. Ke1 a3 35. Rb1 a2 36. Ra1 Rb8 37. Kd2 Rb1 0-1

[Event "9.th Korbach B Open"]
[Site "Korbach"]
[Date "2017.10.20"]
[Round "3.28"]
[White "Moderow, Manuel"]
[Black "Werner, Elmar"]
[Result "0-1"]
[WhiteElo "1210"]
[BlackElo "1740"]
[PlyCount "88"]
[EventDate "2017.10.19"]
[EventType "swiss"]
[EventRounds "7"]
[EventCountry "GER"]
[SourceDate "2017.10.24"]

1. e4 e6 2. d4 d5 3. Nc3 Nf6 4. e5 Nfd7 5. Nf3 c5 6. Be3 Qb6 7. Na4 Qb4+ 8. c3
Qa5 9. Nxc5 Nxc5 10. dxc5 Bxc5 11. Bxc5 Qxc5 12. Qb3 Nc6 13. Bb5 O-O 14. O-O a6
15. Bd3 h6 16. Rfe1 b5 17. Rac1 Bd7 18. Qd1 f5 19. Bf1 Be8 20. Nd4 Qe7 21. b3
Rd8 22. Nxc6 Bxc6 23. Qd4 Rc8 24. Rc2 Rc7 25. Re3 g5 26. f4 g4 27. h3 h5 28.
Qd2 Rfc8 29. Qf2 Bb7 30. Rd3 b4 31. Qd4 Qc5 32. Qxc5 Rxc5 33. c4 dxc4 34. bxc4
Rxc4 35. Rxc4 Rxc4 36. Rd2 a5 37. hxg4 hxg4 38. Kf2 Rc3 39. Bb5 Kf7 40. Bf1 Kg6
41. Ke2 Kh5 42. Kf2 g3+ 43. Ke1 Kg4 44. Be2+ Kxf4 0-1

[Event "9.th Korbach B Open"]
[Site "Korbach"]
[Date "2017.10.20"]
[Round "3.29"]
[White "Deutsch, Volker"]
[Black "Fromm, Nick"]
[Result "0-1"]
[WhiteElo "1612"]
[BlackElo "1443"]
[PlyCount "44"]
[EventDate "2017.10.19"]
[EventType "swiss"]
[EventRounds "7"]
[EventCountry "GER"]
[SourceDate "2017.10.24"]

1. e4 e6 2. d4 d5 3. e5 c5 4. c3 Nc6 5. Nf3 Qb6 6. a3 a5 7. Bd3 Bd7 8. Be3 c4
9. Be2 Qxb2 10. Nbd2 Qxc3 11. Rb1 Qxa3 12. Rxb7 Nb4 13. Nb1 Qa4 14. Qxa4 Bxa4
15. Ng5 Nh6 16. Nf3 Bc6 17. Rb6 Be7 18. Bg5 Bxg5 19. Nxg5 Kd7 20. Bh5 g6 21.
Be2 Kc7 22. Rxc6+ Nxc6 0-1

[Event "9.th Korbach B Open"]
[Site "Korbach"]
[Date "2017.10.20"]
[Round "3.30"]
[White "Barchfeld, Peter"]
[Black "Werner, Rosalie"]
[Result "0-1"]
[WhiteElo "1571"]
[BlackElo "1404"]
[PlyCount "146"]
[EventDate "2017.10.19"]
[EventType "swiss"]
[EventRounds "7"]
[EventCountry "GER"]
[SourceDate "2017.10.24"]

1. g4 d5 2. Bg2 Bxg4 3. c4 Nf6 4. Qb3 Bc8 5. cxd5 c6 6. Nc3 Qb6 7. Qa4 Bd7 8.
Qc4 e6 9. dxe6 Bxe6 10. Qd3 Nbd7 11. Nf3 Rd8 12. Ng5 Nc5 13. Qc2 Bc4 14. Nce4
Ncxe4 15. Nxe4 Nxe4 16. Qxe4+ Be6 17. Qe5 Qc5 18. Qc3 Qd4 19. Qxd4 Rxd4 20. b3
Bb4 21. a3 Ba5 22. b4 Bb6 23. Bb2 Rg4 24. Bf3 Rg6 25. Be4 Rg4 26. Bf3 Rg6 27.
O-O-O Bxf2 28. Rdf1 Bh4 29. Bd4 a6 30. Be4 Rg4 31. d3 Bd5 32. Bxd5 cxd5 33. Bc5
Be7 34. h3 Rg2 35. Kd1 Bxc5 36. bxc5 Ke7 37. Rf5 Ke6 38. Rhf1 f6 39. d4 Rg3 40.
R5f3 Rxf3 41. Rxf3 Kd7 42. Rf5 Kc6 43. a4 Rd8 44. Rf3 b6 45. cxb6 Kxb6 46. Kc2
Ka5 47. Kb3 Rb8+ 48. Ka2 Rb4 49. e3 Rxa4+ 50. Kb3 Rb4+ 51. Ka3 Rb8 52. Rf5 Rd8
53. e4 Kb5 54. exd5 Kc4 55. d6 Rxd6 56. Ra5 Kxd4 57. Kb2 Ke4 58. Ra4+ Ke3 59.
Ra3+ Ke2 60. Kc2 f5 61. Ra4 Ke3 62. Ra3+ Ke4 63. Ra4+ Kf3 64. h4 f4 65. Ra5 Kf2
66. Kc1 f3 67. Rg5 Kf1 68. Rxg7 f2 69. Rxh7 Kg2 70. Rg7+ Kf1 71. Re7 Rg6 72. h5
Kg2 73. Rf7 Rc6+ 0-1

[Event "9.th Korbach B Open"]
[Site "Korbach"]
[Date "2017.10.20"]
[Round "3.31"]
[White "Langhammer, Joerg"]
[Black "Wagener, Friedrich"]
[Result "1-0"]
[WhiteElo "1732"]
[BlackElo "1493"]
[PlyCount "38"]
[EventDate "2017.10.19"]
[EventType "swiss"]
[EventRounds "7"]
[EventCountry "GER"]
[SourceDate "2017.10.24"]

1. e4 c5 2. c3 Nc6 3. d4 cxd4 4. cxd4 e6 5. Nf3 Nf6 6. Nc3 Bb4 7. Bd3 O-O 8.
O-O a6 9. e5 Ne8 10. Bxh7+ Kh8 11. Bc2 f6 12. Nh4 Kg8 13. Qh5 f5 14. Ng6 Kf7
15. Bxf5 Nxd4 16. Nxf8+ Kxf8 17. Bg6 Nf6 18. exf6 Qxf6 19. Bg5 Nf3+ 1-0

[Event "9.th Korbach B Open"]
[Site "Korbach"]
[Date "2017.10.20"]
[Round "3.33"]
[White "Weltecke, Marco"]
[Black "De Heij, Mees"]
[Result "0-1"]
[WhiteElo "1535"]
[BlackElo "1343"]
[PlyCount "144"]
[EventDate "2017.10.19"]
[EventType "swiss"]
[EventRounds "7"]
[EventCountry "GER"]
[SourceDate "2017.10.24"]

1. e4 e5 2. Nf3 Nc6 3. Bc4 Bc5 4. c3 Nf6 5. d3 O-O 6. Bb3 d5 7. Nbd2 dxe4 8.
dxe4 Bg4 9. Bc2 h6 10. O-O Qe7 11. Qe2 Rad8 12. Re1 Rfe8 13. Nf1 Nh7 14. h3 Bh5
15. Ng3 Bg6 16. h4 Nf6 17. Nh2 Nd7 18. h5 Bh7 19. Ng4 Nf6 20. Ne3 Qe6 21. Bb3
Qd7 22. Nef5 Bxf5 23. Nxf5 Qd3 24. Ng3 Qxe2 25. Rxe2 Re7 26. Be3 Bxe3 27. Rxe3
Rd2 28. Re2 Rxe2 29. Nxe2 Nxe4 30. Rd1 Nf6 31. Ng3 Rd7 32. Rxd7 Nxd7 33. Bd5
Nf6 34. Bxc6 bxc6 35. Kf1 Kf8 36. Ke2 Ke7 37. Nf5+ Kf8 38. Ng3 Ke8 39. Ke3 Kd7
40. f4 Nd5+ 41. Ke4 exf4 42. Nf5 Nf6+ 43. Kxf4 Nxh5+ 44. Ke4 Nf6+ 45. Kd4 g6
46. Nxh6 Ke7 47. Ke5 Nd7+ 48. Kf4 Nf6 49. Ke5 Nd7+ 50. Kf4 Nc5 51. Ke3 f5 52.
Kd4 Ne6+ 53. Ke5 Nc5 54. Ng8+ Kf7 55. Nh6+ Kg7 56. Nxf5+ gxf5 57. Kxf5 Kf7 58.
g4 Na4 59. g5 Nxb2 60. g6+ Kg7 61. Ke5 Kxg6 62. Kd4 Kf7 63. Kc5 Ke7 64. Kxc6
Kd8 65. Kb5 Kc8 66. c4 Kb7 67. c5 c6+ 68. Kb4 Ka6 69. a3 Nd3+ 70. Kc4 Ne5+ 71.
Kd4 Nd7 72. Kc4 Ka5 0-1

[Event "9.th Korbach B Open"]
[Site "Korbach"]
[Date "2017.10.20"]
[Round "3.35"]
[White "Bayer, Oliver"]
[Black "Leis, Michael"]
[Result "1-0"]
[WhiteElo "1670"]
[BlackElo "1287"]
[PlyCount "135"]
[EventDate "2017.10.19"]
[EventType "swiss"]
[EventRounds "7"]
[EventCountry "GER"]
[SourceDate "2017.10.24"]

1. e4 e5 2. Nf3 Nc6 3. d4 d6 4. d5 Nce7 5. Nc3 a6 6. Be2 g6 7. Be3 Bg7 8. Qd2
Bd7 9. h3 f5 10. exf5 Nxf5 11. Bg5 Bf6 12. Bxf6 Nxf6 13. g4 Ne7 14. O-O-O e4
15. Ng5 c6 16. Ngxe4 Nexd5 17. Nxd6+ Kf8 18. Nxb7 Qc7 19. Qh6+ Kf7 20. Nxd5
Qxb7 21. Qf4 cxd5 22. g5 Qc6 23. Qxf6+ Qxf6 24. gxf6 Bc6 25. Rhe1 Kxf6 26. Bg4
Kf7 27. Re6 Bd7 28. Rd6 Bxg4 29. hxg4 Rhd8 30. R1xd5 Rxd6 31. Rxd6 Ke7 32. Rd4
Ke6 33. Kd2 Ra7 34. Ra4 Kd5 35. Kd3 Kc5 36. Ra5+ Kb4 37. Rd5 a5 38. a3+ Ka4 39.
c3 Rb7 40. Kc2 Rb6 41. Rd7 h6 42. Rh7 g5 43. Ra7 Kb5 44. b3 Rf6 45. c4+ Kb6 46.
Rd7 Rxf2+ 47. Rd2 Rf6 48. b4 axb4 49. axb4 Rc6 50. Kc3 Rf6 51. c5+ Kb5 52. Rd6
Rf3+ 53. Rd3 Rf4 54. Rd4 Rf3+ 55. Kd2 Rf6 56. Rd6 Rf2+ 57. Ke3 Rb2 58. Rxh6
Rxb4 59. Rb6+ Kxc5 60. Rxb4 Kxb4 61. Ke4 Kc5 62. Kf5 Kd6 63. Kxg5 Ke6 64. Kg6
Ke5 65. g5 Kf4 66. Kf6 Kg4 67. g6 Kh5 68. Kf7 1-0

[Event "9.th Korbach B Open"]
[Site "Korbach"]
[Date "2017.10.20"]
[Round "3.36"]
[White "Spinnler, Wolfgang"]
[Black "Eurich, Eva"]
[Result "1-0"]
[WhiteElo "1591"]
[BlackElo "1084"]
[PlyCount "100"]
[EventDate "2017.10.19"]
[EventType "swiss"]
[EventRounds "7"]
[EventCountry "GER"]
[SourceDate "2017.10.24"]

1. Nf3 d5 2. g3 Nf6 3. Bg2 e6 4. b3 Bd6 5. Bb2 Nc6 6. O-O O-O 7. d3 Re8 8. Nbd2
e5 9. c4 d4 10. a3 a5 11. Qc2 b6 12. Nxe5 Rxe5 13. Bxc6 Rb8 14. Ne4 Bf5 15.
Nxf6+ Qxf6 16. Bxd4 Rd8 17. Bg2 Rde8 18. Bxe5 Bxe5 19. Rad1 Bd4 20. e3 Bc5 21.
Ra1 h6 22. Qd2 Qd8 23. d4 Be7 24. e4 Bg6 25. Rfd1 Bg5 26. f4 Bxe4 27. fxg5 Bxg2
28. Kxg2 hxg5 29. d5 Qf6 30. Re1 Rd8 31. Rf1 Qg6 32. Qf2 Qe4+ 33. Qf3 f5 34.
Qxe4 fxe4 35. Rae1 Re8 36. Rf5 g4 37. Rf4 e3 38. Re2 Kh7 39. Rxg4 Kh6 40. Kf3
Kh5 41. Re4 Rf8+ 42. Kxe3 g5 43. Rf2 Rd8 44. Rf5 Kg6 45. Rfe5 Kf6 46. Kd4 c5+
47. Ke3 Kg6 48. Rg4 Rd7 49. Rexg5+ Kf6 50. Rg6+ Kf5 1-0

[Event "9.th Korbach B Open"]
[Site "Korbach"]
[Date "2017.10.20"]
[Round "3.37"]
[White "Margraf, Dieter"]
[Black "Yon, Gregory"]
[Result "0-1"]
[WhiteElo "1441"]
[BlackElo "1588"]
[PlyCount "48"]
[EventDate "2017.10.19"]
[EventType "swiss"]
[EventRounds "7"]
[EventCountry "GER"]
[SourceDate "2017.10.24"]

1. d4 d6 2. Nf3 Nf6 3. Bf4 Nbd7 4. Nbd2 c6 5. c3 g6 6. e3 Bg7 7. Qc2 O-O 8. Bd3
b5 9. h3 a6 10. O-O c5 11. b3 Bb7 12. Rfe1 cxd4 13. exd4 Rc8 14. c4 Nd5 15. Be3
Nb4 16. Qb1 Nxd3 17. Qxd3 bxc4 18. bxc4 e5 19. dxe5 dxe5 20. Rab1 Qc7 21. Ng5
Nf6 22. Rec1 Rfd8 23. Qc2 Qc6 24. Rb6 Qxg2# 0-1

[Event "9.th Korbach B Open"]
[Site "Korbach"]
[Date "2017.10.20"]
[Round "3.38"]
[White "Dessens, John"]
[Black "Unruh, Hartmut"]
[Result "1/2-1/2"]
[WhiteElo "1318"]
[BlackElo "1518"]
[PlyCount "47"]
[EventDate "2017.10.19"]
[EventType "swiss"]
[EventRounds "7"]
[EventCountry "GER"]
[SourceDate "2017.10.24"]

1. e4 d6 2. d4 g6 3. Nc3 Bg7 4. Nf3 Nd7 5. Be3 e5 6. Bc4 h6 7. Qd2 Ngf6 8.
O-O-O Ng4 9. dxe5 Ngxe5 10. Nxe5 Nxe5 11. Bb5+ c6 12. Ba4 Nc4 13. Qd3 Nxe3 14.
Qxe3 Qf6 15. Rd3 b5 16. Bb3 O-O 17. Qf3 Qg5+ 18. Kb1 Bg4 19. Qg3 Be5 20. Qe3
Qe7 21. Qxh6 g5 22. Qg6+ Kh8 23. Qh6+ Kg8 24. Qg6+ 1/2-1/2

[Event "9.th Korbach B Open"]
[Site "Korbach"]
[Date "2017.10.21"]
[Round "4.2"]
[White "Udaykumar, Arunn Mark"]
[Black "Koellner, Aaron Noah"]
[Result "0-1"]
[WhiteElo "1772"]
[BlackElo "1930"]
[PlyCount "30"]
[EventDate "2017.10.19"]
[EventType "swiss"]
[EventRounds "7"]
[EventCountry "GER"]
[SourceDate "2017.10.24"]

1. e4 c5 2. Nf3 e6 3. e5 Nc6 4. g3 Qc7 5. Qe2 Nge7 6. c3 Ng6 7. d4 cxd4 8. cxd4
Nxd4 9. Nxd4 Qxc1+ 10. Qd1 Bb4+ 11. Nc3 Qxb2 12. Nde2 Bxc3+ 13. Nxc3 Qxc3+ 14.
Ke2 Qxe5+ 15. Kd2 Qd5+ 0-1

[Event "9.th Korbach B Open"]
[Site "Korbach"]
[Date "2017.10.21"]
[Round "4.3"]
[White "Maters, Arthur"]
[Black "Sharikow, Alexej"]
[Result "1-0"]
[WhiteElo "1709"]
[BlackElo "1903"]
[PlyCount "69"]
[EventDate "2017.10.19"]
[EventType "swiss"]
[EventRounds "7"]
[EventCountry "GER"]
[SourceDate "2017.10.24"]

1. e4 e5 2. Nf3 Nc6 3. Bc4 Bc5 4. c3 Qe7 5. d3 d6 6. O-O Nf6 7. Nbd2 O-O 8. h3
Bd7 9. Bb3 h6 10. Re1 Nh7 11. Nf1 Rae8 12. Ng3 Kh8 13. Bc2 Bb6 14. d4 Nd8 15.
Be3 c5 16. dxe5 dxe5 17. Nxe5 Bxh3 18. Ba4 Nc6 19. Nxc6 bxc6 20. gxh3 Rd8 21.
Qe2 Bc7 22. Bc2 Rb8 23. Nf5 Qe5 24. f4 Qe6 25. Bxc5 Rg8 26. Bd4 Rxb2 27. Reb1
Rxa2 28. Rxa2 Qxa2 29. Rb7 Bxf4 30. Rxa7 Qb2 31. Rxf7 Nf6 32. Kf2 Re8 33. Bxf6
gxf6 34. Qd3 c5 35. Rh7+ 1-0

[Event "9.th Korbach B Open"]
[Site "Korbach"]
[Date "2017.10.21"]
[Round "4.4"]
[White "Lages, Karl Heinz"]
[Black "Bakiev, Diyor"]
[Result "1-0"]
[WhiteElo "1867"]
[BlackElo "1681"]
[PlyCount "119"]
[EventDate "2017.10.19"]
[EventType "swiss"]
[EventRounds "7"]
[EventCountry "GER"]
[SourceDate "2017.10.24"]

1. Nf3 Nf6 2. b3 g6 3. Bb2 Bg7 4. d4 O-O 5. e3 d5 6. Nbd2 Bf5 7. c4 c6 8. Nh4
Bc8 9. Nhf3 Nbd7 10. Be2 e6 11. O-O Re8 12. Rc1 h6 13. h3 Qe7 14. Qc2 Nf8 15.
Ne5 N8d7 16. e4 Nxe4 17. Nxe4 dxe4 18. Qxe4 f5 19. Qe3 Nxe5 20. dxe5 Rf8 21. f4
Kh7 22. Rcd1 Bd7 23. Rd6 Rfd8 24. Rfd1 Bf8 25. Qd3 Kg8 26. Rxd7 Qc5+ 27. Kh1
Rxd7 28. Qxd7 Qe3 29. Qd2 Qxd2 30. Rxd2 Re8 31. Rd7 Re7 32. Rxe7 Bxe7 33. g3
Bc5 34. Kg2 Kf7 35. Kf3 Kg7 36. Bc1 a6 37. a3 Be7 38. b4 b5 39. Bd2 Kf7 40. Ke3
Bd8 41. cxb5 axb5 42. Bf3 Bb6+ 43. Ke2 c5 44. Bc6 cxb4 45. Bxb4 Bg1 46. Bxb5
Bb6 47. a4 Kg7 48. a5 Ba7 49. Be8 Bd4 50. Bd6 Ba7 51. a6 g5 52. fxg5 hxg5 53.
Be7 g4 54. h4 Bb6 55. h5 Ba7 56. Bg5 Bd4 57. Be3 Bxe5 58. a7 Bxg3 59. a8=Q f4
60. Qb7+ 1-0

[Event "9.th Korbach B Open"]
[Site "Korbach"]
[Date "2017.10.21"]
[Round "4.5"]
[White "Van Heeren, Arie"]
[Black "Bigott, Martin"]
[Result "0-1"]
[WhiteElo "1701"]
[BlackElo "1787"]
[PlyCount "32"]
[EventDate "2017.10.19"]
[EventType "swiss"]
[EventRounds "7"]
[EventCountry "GER"]
[SourceDate "2017.10.24"]

1. e4 Nf6 2. e5 Nd5 3. d4 d6 4. exd6 exd6 5. c4 Nf6 6. h3 d5 7. c5 b6 8. b4 a5
9. bxa5 bxc5 10. Nf3 cxd4 11. Nxd4 Bb4+ 12. Bd2 Bxd2+ 13. Nxd2 O-O 14. Bd3 c5
15. N4f3 Re8+ 16. Be2 Ba6 0-1

[Event "9.th Korbach B Open"]
[Site "Korbach"]
[Date "2017.10.21"]
[Round "4.6"]
[White "Ruhl, Moritz"]
[Black "Haack, Kevin"]
[Result "1-0"]
[WhiteElo "1781"]
[BlackElo "1655"]
[PlyCount "109"]
[EventDate "2017.10.19"]
[EventType "swiss"]
[EventRounds "7"]
[EventCountry "GER"]
[SourceDate "2017.10.24"]

1. d4 d5 2. Nf3 e6 3. Bf4 c5 4. c3 Nc6 5. e3 Nf6 6. h3 Be7 7. Bd3 O-O 8. Nbd2
a6 9. a4 Bd7 10. dxc5 Bxc5 11. Ne5 Nxe5 12. Bxe5 Bc6 13. O-O Nd7 14. Bg3 e5 15.
Nb3 Ba7 16. Bf5 Qg5 17. Bxd7 Bxd7 18. Qf3 e4 19. Qf4 Qxf4 20. Bxf4 b5 21. a5
Rfd8 22. Rfd1 Bc6 23. Be5 Rac8 24. Bd4 Bb8 25. Nc5 Bd6 26. Nxa6 Bb7 27. Nb4
Bxb4 28. cxb4 Ba6 29. Bb6 Rd7 30. Rac1 Rc4 31. Bc5 f6 32. Kf1 Kf7 33. Ke2 Ke6
34. Kd2 f5 35. Rc3 Rc7 36. Rxc4 bxc4 37. Kc3 Bb5 38. g3 h5 39. h4 g6 40. b3
cxb3 41. Kxb3 Rb7 {Remisangebot} 42. Ra1 Ba6 43. Bb6 Bb5 44. Rc1 Kd7 45. Rc5
Bc4+ 46. Kc3 Kd6 47. Kd4 Ke6 48. Rc6+ Kd7 49. Rxg6 Rb8 50. Rf6 Rh8 51. Rxf5 Kc6
52. Rf6+ Kb5 53. Bc5 Ra8 54. Rh6 Rf8 55. Bxf8 1-0

[Event "9.th Korbach B Open"]
[Site "Korbach"]
[Date "2017.10.21"]
[Round "4.7"]
[White "Fobbe, Ottmar"]
[Black "Stork, Christopher"]
[Result "0-1"]
[WhiteElo "1846"]
[BlackElo "1652"]
[PlyCount "116"]
[EventDate "2017.10.19"]
[EventType "swiss"]
[EventRounds "7"]
[EventCountry "GER"]
[SourceDate "2017.10.24"]

1. d4 d5 2. f4 Nf6 3. Nf3 e6 4. e3 c5 5. c3 Nc6 6. Bd3 Bd6 7. O-O O-O 8. Bd2 c4
9. Bc2 b5 10. Be1 a5 11. Bh4 b4 12. Ne5 Bb7 13. Bxf6 Qxf6 14. Nd7 Qe7 15. Nxf8
Qxf8 16. Nd2 Ba6 17. Nf3 b3 18. Bb1 a4 19. axb3 cxb3 20. Rf2 Bc4 21. Ne5 Nxe5
22. fxe5 Be7 23. e4 Bg5 24. Rf3 a3 25. Rxa3 Rxa3 26. bxa3 Qxa3 27. exd5 Bxd5
28. Rh3 h6 29. Qf1 Qb2 30. Bd3 Qd2 31. c4 Bc6 32. Bb1 Qxd4+ 33. Kh1 b2 34. Rb3
Qxe5 35. Rb6 Be8 36. Qd1 Bf6 37. Ra6 Qc3 38. Ra8 Kf8 39. Qd6+ Be7 40. Rxe8+
Kxe8 41. Qc6+ Kd8 42. Qb6+ Kd7 43. Qb7+ Kd6 44. Qb8+ Kc5 45. Qc7+ Kd4 46. Qxe7
Kxc4 47. Qc7+ Kb3 48. Qb6+ Qb4 49. Qe3+ Qc3 50. Qb6+ Kc4 51. Qc6+ Kd4 52. Qd6+
Ke3 53. Qg3+ Kd2 54. Qf2+ Kd1 55. Bc2+ Qxc2 56. Qf1+ Kd2 57. Qf2+ Kc1 58. Qe3+
Kb1 0-1

[Event "9.th Korbach B Open"]
[Site "Korbach"]
[Date "2017.10.21"]
[Round "4.8"]
[White "Ruhl, Marcel"]
[Black "Koch, Thomas1"]
[Result "1-0"]
[WhiteElo "1555"]
[BlackElo "1812"]
[PlyCount "45"]
[EventDate "2017.10.19"]
[EventType "swiss"]
[EventRounds "7"]
[EventCountry "GER"]
[SourceDate "2017.10.24"]

1. d4 Nf6 2. Bf4 e6 3. c4 d5 4. Nc3 Bd6 5. Bd2 dxc4 6. Qa4+ Nc6 7. Qxc4 O-O 8.
e4 Bb4 9. e5 Bxc3 10. bxc3 Nd5 11. Nf3 f6 12. exf6 Qxf6 13. Bd3 Nf4 14. Bxf4
Qxf4 15. O-O Bd7 16. Rab1 b6 17. Bc2 Rae8 18. Rbe1 Qh6 19. Re3 Qf4 {
Remisangebot} 20. Be4 Na5 21. Qd3 h6 22. Ne5 Ba4 23. Bh7+ 1-0

[Event "9.th Korbach B Open"]
[Site "Korbach"]
[Date "2017.10.21"]
[Round "4.9"]
[White "Hagner, Bennet"]
[Black "Koellner, Felicitas Ophelia"]
[Result "0-1"]
[WhiteElo "1594"]
[BlackElo "1757"]
[PlyCount "80"]
[EventDate "2017.10.19"]
[EventType "swiss"]
[EventRounds "7"]
[EventCountry "GER"]
[SourceDate "2017.10.24"]

1. e4 d6 2. Nf3 Nf6 3. Nc3 e5 4. Bc4 Be7 5. d3 Nbd7 6. Be3 c6 7. Qd2 b5 8. Bb3
h6 9. Ne2 Ng4 10. Ng3 Nxe3 11. fxe3 g6 12. O-O O-O 13. Rf2 Nc5 14. Raf1 Be6 15.
d4 Nxb3 16. axb3 Bf6 17. Qc3 Rc8 18. Nxe5 Bg7 19. Nf3 c5 20. Qd2 Qc7 21. Ne2
Qb7 22. d5 Bg4 23. Rc1 Rfe8 24. Ng3 Qe7 25. Qa5 Rb8 26. Nd2 h5 27. c3 Bh6 28.
Ngf1 Bc8 29. Re1 Rb6 30. b4 Qd7 31. bxc5 dxc5 32. Qa3 Qe7 33. Qb3 a6 34. Ree2
Bg4 35. Re1 Rf6 36. Rxf6 Qxf6 37. Qa3 Bf8 38. Ra1 Ra8 39. Nb3 c4 40. Nc5 Qb6
0-1